Can the innovative use of mobile phones support more effective land administration services? (Record no. 116204)
[ view plain ]
| 000 -LEADER | |
|---|---|
| fixed length control field | 01438cad a22002535a 4500 |
| 001 - CONTROL NUMBER | |
| control field | L160087 |
| 008 - FIXED-LENGTH DATA ELEMENTS--GENERAL INFORMATION | |
| fixed length control field | 120529s2010 xxk g 000 0 eng d |
| 035 ## - SYSTEM CONTROL NUMBER | |
| System control number | (Sirsi) u160087 |
| 041 0# - LANGUAGE CODE | |
| Language code of text/sound track or separate title | eng |
| 110 ## - MAIN ENTRY--CORPORATE NAME | |
| Corporate name or jurisdiction name as entry element | Federation International Des Geometres |
| 111 2# - MAIN ENTRY--MEETING NAME | |
| Meeting name or jurisdiction name as entry element | FIG Working Week 2010 |
| Number [OBSOLETE] | Sydney, Australia |
| Location of meeting | 11-16 April 2010 |
| 245 00 - TITLE STATEMENT | |
| Title | Can the innovative use of mobile phones support more effective land administration services? |
| Medium | [electronic resource] |
| 260 ## - PUBLICATION, DISTRIBUTION, ETC. | |
| Place of publication, distribution, etc. | Sydney |
| Name of publisher, distributor, etc. | FIG |
| Date of publication, distribution, etc. | 2010 |
| 520 ## - SUMMARY, ETC. | |
| Summary, etc. | Explores the opportunities provided by increasingly ubiquitous mobile phones to support the delivery of and participation in land administration services. Mobile phones will increasingly integrate GNSS positioning, digital cameras and video capabilities and provide citizens with the opportunity to get directly involved in the land registration and cadastral process. |
| 650 24 - SUBJECT ADDED ENTRY--TOPICAL TERM | |
| Topical term or geographic name entry element | LAND REGISTRATION |
| 650 24 - SUBJECT ADDED ENTRY--TOPICAL TERM | |
| Topical term or geographic name entry element | LAND ADMINISTRATION |
| 650 24 - SUBJECT ADDED ENTRY--TOPICAL TERM | |
| Topical term or geographic name entry element | MOBILE PHONES |
| 651 #4 - SUBJECT ADDED ENTRY--GEOGRAPHIC NAME | |
| Geographic name | International |
| 690 ## - LOCAL SUBJECT ADDED ENTRY--TOPICAL TERM (OCLC, RLIN) | |
| Topical term or geographic name as entry element | Land use |
| 9 (RLIN) | 6251 |
| 700 1# - ADDED ENTRY--PERSONAL NAME | |
| Personal name | McLaren, Robin |
| 856 40 - ELECTRONIC LOCATION AND ACCESS | |
| Uniform Resource Identifier | <a href="https://www.rics.org/Global/Downloads/Can_the_Innovative_Use_of_Mobile_Phones_Support_More_Effective_Land_Administration_Services.pdf">https://www.rics.org/Global/Downloads/Can_the_Innovative_Use_of_Mobile_Phones_Support_More_Effective_Land_Administration_Services.pdf</a> |
| Public note | View the paper free of charge at www.rics.org |
| 856 40 - ELECTRONIC LOCATION AND ACCESS | |
| Uniform Resource Identifier | <a href="https://fig.net/resources/proceedings/fig_proceedings/fig2010/ppt/ts03b/ts03b_mclaren_ppt_4447.pdf">https://fig.net/resources/proceedings/fig_proceedings/fig2010/ppt/ts03b/ts03b_mclaren_ppt_4447.pdf</a> |
| Public note | View the presentation free of charge at www.fig.net |
| 942 ## - ADDED ENTRY ELEMENTS (KOHA) | |
| Suppress in OPAC | 0 |
| Withdrawn status | Lost status | Source of classification or shelving scheme | Damaged status | Not for loan | Home library | Current library | Shelving location | Date acquired | Total Checkouts | Full call number | Barcode | Date last seen | Copy number | Price effective from | Koha item type |
|---|---|---|---|---|---|---|---|---|---|---|---|---|---|---|---|
| Dewey Decimal Classification | Virtual | Virtual | Online | 22/05/2018 | ONLINE PUBLICATION | 160087-2001 | 06/08/2019 | 1 | 06/08/2019 | Book |